Gims : quiz paroles - Statistiques

Statistiques générales
  • Ce quiz a été pris 63 fois
  • Le résultat moyen est 2 sur 20
Statistiques - réponses
Paroles Chanson % Correct
Je t'ai senti partir et j'ai pris les devants Caméléon
77%
J'avoue, je vis que pour la victoire, imbécile Sapés comme jamais
30%
Tu n'es pas si différent des autres Zombie
28%
La paix ne dure que le temps qu'ils rechargent leurs armes Malheur malheur
17%
Montre-moi ce que t'es prête à faire pour la team Appelle ta copine
11%
Mais dormir dehors me donne des boutonsÇa fait un bout de temps qu'j'ai les mêmes baskets Freedom
6%
J'manifeste peu d'amour, j'ai toujours pas trouvé les mots Loup garou
6%
Mon âme et ma raison se sont mis d'accordT'attends mon pardon, mais t'es plein de rancœur Tant pis
6%
Je t'ai donné la main quand tu doutais Touché
6%
Vu ta peau visqueuse, t'es p't-être un serpent, té-ma la distance Vent du nord
6%
Assis aux extrémités comme l'orient et l'occident Ambassadrice
4%
Les options sont visibles, les réponses manquent à l'appel Épuisé
4%
Dis-moi c'qui reste quand tu trottesTes principes pour de nouveaux codes Horizon
4%
Je vis la nuit car je rêve en secretTous ces maux que je vais emporter Le prix à payer
4%
Mais le sage avait raisonOn ne peut dompter l'amour Pense à moi
4%
Tu veux la vérité ou chanter "On va s'aimer" ? Abcd
2%
Je la ramène voir un film pour qu'elle fasse pas de cinéma Gunshot
2%
On aime se dire que tout reviendra comme avant Mama
2%
Je vais devoir user ta carapaceTu ne réponds pas Mon cœur meurtri
2%
Tu sais quoi ? Là, c'est le point de non-retour PS
2%
Aucun quiz correspondant
Distribution des résultats
% des personnes avec chaque résultat
Percentile par nombre de réponses
Votre historique - résultats
Vous n’avez pas pris ce quiz